Kuwaiti Resistance as Revealed By Iraqi Documents (Record no. 18400)

MARC details
000 -LEADER
fixed length control field 00654nam a2200241 a 4500
020 ## - INTERNATIONAL STANDARD BOOK NUMBER
ISBN
082 00 - DEWEY DECIMAL CLASSIFICATION NUMBER
Classification number 953.67
Author Cutter CEN1
100 ## - MAIN ENTRY--AUTHOR NAME
Author name Centre For Research And Studie,
245 ## - TITLE STATEMENT
Title Kuwaiti Resistance as Revealed By Iraqi Documents
260 ## - PUBLICATION, DISTRIBUTION, ETC. (IMPRINT)
Place of publication Kuwait
Name of publisher Centre for Research and Studies on Kuwai
Year of publication 1994
300 ## - PHYSICAL DESCRIPTION
Number of Pages 367p
500 ## - GENERAL NOTE
General note includes index and biblioraphy
505 2# - FORMATTED CONTENTS NOTE
Formatted contents note Index
650 ## - SUBJECT ADDED ENTRY--TOPICAL TERM
Topical Term Kuwait-History
942 ## - ADDED ENTRY ELEMENTS (KOHA)
Koha item type Books
700 1# -
-- Centre For Research And Studie,
Holdings
Collection code Home library Current library Date acquired Cost, normal purchase price Full call number Accession Number Koha item type
  Henry Martyn Institute Library Henry Martyn Institute Library 04/03/2007 100.00 953.67 CEN1 11000036 Books
                   Copyright © 2026 | Henry Martyn Institute | Hyderabad | TS-500052 | INDIA | Implemented by hmi.edu.in
Hit-Count:

Powered by Koha